000 02754nam a2200313 i 4500
003 vecauma
005 20260327134835.0
007 ta
008 260220t2010 ck |||||r|||| 00| 0 spa d
020 _a9789587570069
040 _avecauma
_bspa
_cvecauma
_dvecauma
_erda
041 0 _aspa
099 _aBF637
_bS4 C75
_c2010
245 0 3 _aLa vaca sin culpa :
_banécdotas, parábolas, fábulas y reflexiones sobre espiritualidad
_c/ versiones, selección y prólogo, Jaime Lopera Gutiérrez, Marta Inés Bernal Trujillo.
264 1 _aBogotá, Colombia :
_bIntermedio,
_c2010.
264 4 _c©2010.
300 _a240 páginas.
336 _atexto
_btxt
_2rdacontenido
337 _ano mediado
_bn
_2rdamedio
338 _avolumen
_bnc
_2rdasoporte
505 0 _aEl mantel. -- Parte del regalo. -- Huellas en la arena. -- Cuánto vale un milagro. -- Los edecanes de Diana. -- El rito de la juventud. -- El abrazo del águila. -- El canasto de carbón. -- El perdón. -- El ingenio de una hormiga. -- Dios nunca se equivoca. -- La invocación del Senado. -- La vida es tan corta. -- La esposa de Dios. -- Descubre el mensaje. -- El cuaderno rojo. -- El insensato mundo virtual. -- Doblar las rodillas. -- Los últimos deseos de Alejandro el Grande. -- Canicas rojas Esperanza. -- La última oración de Gandhi. -- La clínica del médico egoísta. -- Desayuno en McDonald's. -- Una pieza de Mendelssohn. -- El valor de una moneda. -- De todos modos. -- Los puercoespines. -- La botella de agua. -- El Día de Acción de Gracias. -- Dios es azúcar. -- El secreto para ser feliz. -- Dios sabe. -- El alpinista. -- La estrella de la esperanza. -- Reportándose. -- La marca. -- El mejor día de mi vida. -- Tormentas. -- Uno crece. -- Aguanta un poco más. -- Vivir como las flores. -- El silencio divino. -- La grandeza del mar. -- Un regalo sin envoltura. -- Los lentes milagrosos. -- Suelta tu carga. -- Por un dólar. -- Lo mío… ¿es mío? -- El pesebre. -- La felicidad… ¿después? -- El helecho y el bambú. -- La silla del invisible. -- ¿Qué es servir? -- La balanza. -- Ser luz para otros. -- La bolsa de agua caliente. -- La vida es bella. -- La telaraña. -- La Navidad más hermosa. -- El semáforo. -- El principio del vacío. -- La contraseña. -- El convicto liberado. -- Hay lugares, hay personas. -- Decálogo de la serenidad. -- El camión de basura. -- Avisos divinos. -- Libreta breve.
650 1 0 _9808
_aAUTORREALIZACION (PSICOLOGIA)
650 1 0 _9599
_aCAMBIO (PSICOLOGIA)
650 1 0 _98864
_aDIRECCION ESPIRITUAL
700 1 _98892
_aLopera Gutiérrez, Jaime,
_d1936-
_ecompilador
700 1 _98893
_aBernal Trujillo, Marta Inés
_ecompilador
942 1 _2lcc
_n0
_cBK
999 _c13071
_d13071